[Event "Moscow op 02nd"]
[Site "Moscow"]
[Date "2006.02.06"]
[Round "9"]
[White "Smikovski, Ivan"]
[Black "Ivanov, Victor L"]
[Result "1-0"]
[WhiteElo "2538"]
[BlackElo "2494"]
[PlyCount "101"]
[EventDate "2006.01.29"]
[EventType "swiss"]
[EventRounds "9"]
[EventCountry "RUS"]
[SourceTitle "CBM 110 Extra"]
[Source "ChessBase"]
[SourceDate "2006.03.10"]
[SourceVersion "2"]
[SourceVersionDate "2006.03.10"]
[SourceQuality "1"]

1. e4 c5 2. Nf3 e6 3. d4 cxd4 4. Nxd4 a6 5. Bd3 Bc5 6. Nb3 Be7 7. 0-0 d6 8. Qg4 g6 9. Qe2 Nd7 10. c4 b6 11. Nc3 Bb7 12. Be3 Ngf6 13. Rac1 0-0 14. f3 Re8 15. Qf2 Qc7 16. Rfd1 Rac8 17. Bf1 Ba8 18. a3 Qb8 19. Nd2 Bd8 20. b4 Ne5 21. h3 Ned7 22. Nb3 Ne5 23. Nd2 Ned7 24. Be2 Bc7 25. f4 Bc6 26. a4 Qa8 27. Bd3 a5 28. b5 Bb7 29. Bd4 Nh5 30. Rf1 Rf8 31. Bb1 Rce8 32. Be3 Qb8 33. Nf3 Nhf6 34. Ng5 Nh5 35. Rcd1 Ba8 36. Rd2 Rd8 37. Qh4 h6 38. Nf3 Rde8 39. Qf2 Nc5 40. Rdd1 Nf6 41. Nd2 h5 42. f5 Kg7 43. Bg5 Ncd7 44. e5 dxe5 45. fxg6 fxg6 46. Qe3 Ng8 47. Nf3 Nc5 48. Nh4 Rf5 49. Qg3 Kh7 50. Bxf5 exf5 51. Bf6 1-0

[Event "Moscow op 02nd"]
[Site "Moscow"]
[Date "2006.02.04"]
[Round "7"]
[White "Smikovski, Ivan"]
[Black "Gabrielian, Artur"]
[Result "1-0"]
[WhiteElo "2538"]
[BlackElo "2490"]
[PlyCount "77"]
[EventDate "2006.01.29"]
[EventType "swiss"]
[EventRounds "9"]
[EventCountry "RUS"]
[SourceTitle "CBM 110 Extra"]
[Source "ChessBase"]
[SourceDate "2006.03.10"]
[SourceVersion "2"]
[SourceVersionDate "2006.03.10"]
[SourceQuality "1"]

1. e4 c5 2. Nf3 d6 3. d4 cxd4 4. Nxd4 Nf6 5. Nc3 a6 6. Be3 e6 7. Be2 Qc7 8. Qd2 Be7 9. 0-0-0 b5 10. a3 0-0 11. g4 Bb7 12. f3 Nc6 13. g5 Nxd4 14. Bxd4 Nd7 15. h4 Rfc8 16. Kb1 e5 17. Be3 b4 18. axb4 d5 19. Nxd5 Bxd5 20. exd5 Bxb4 21. c3 Bd6 22. h5 Nb6 23. Rh4 Qd8 24. Rg4 Rab8 25. Bxa6 Rc7 26. g6 f5 27. gxh7+ Kh8 28. Bxb6 Rxb6 29. Ra4 Qd7 30. Ra2 Qe7 31. Bd3 Qf6 32. Kc2 Bc5 33. Qg2 Kxh7 34. Qh3 Rf7 35. Qg3 Qe7 36. Re1 Rbf6 37. Ra8 Qd7 38. Rxe5 Bd6 39. Rxf5 1-0

[Event "Moscow op 02nd"]
[Site "Moscow"]
[Date "2006.02.02"]
[Round "5"]
[White "Maslak, Konstantin"]
[Black "Smikovski, Ivan"]
[Result "0-1"]
[WhiteElo "2529"]
[BlackElo "2538"]
[PlyCount "98"]
[EventDate "2006.01.29"]
[EventType "swiss"]
[EventRounds "9"]
[EventCountry "RUS"]
[SourceTitle "CBM 110 Extra"]
[Source "ChessBase"]
[SourceDate "2006.03.10"]
[SourceVersion "2"]
[SourceVersionDate "2006.03.10"]
[SourceQuality "1"]

1. e4 c5 2. Nf3 d6 3. d4 cxd4 4. Nxd4 Nf6 5. Nc3 a6 6. Be2 e5 7. Nb3 Be7 8. Bg5 Be6 9. Bxf6 Bxf6 10. Qd3 Bg5 11. Rd1 Nc6 12. Qxd6 Qxd6 13. Rxd6 Ke7 14. Rd1 Nb4 15. Na1 Rhd8 16. a3 Rxd1+ 17. Nxd1 Nc6 18. Ne3 Rd8 19. Bd3 b5 20. 0-0 g6 21. Re1 Na5 22. Kf1 Nc4 23. Bxc4 bxc4 24. Ke2 f5 25. b3 Bxe3 26. fxe3 c3 27. Rd1 Rxd1 28. Kxd1 a5 29. Ke2 fxe4 30. Kf2 Kf6 31. Kf1 Kg5 32. Kf2 h5 33. Kg1 Bd7 34. Kf2 Kg4 35. Kg1 h4 36. Kf2 Bc6 37. h3+ Kf5 38. Kf1 g5 39. Kg1 g4 40. Kh2 Kg5 41. Kg1 Bd7 42. Kh2 Be6 43. b4 a4 44. hxg4 Kxg4 45. b5 Bc8 46. b6 Bb7 47. Kg1 Kg3 48. Kf1 Kh2 49. Kf2 Ba6 0-1

[Event "Moscow op 02nd"]
[Site "Moscow"]
[Date "2006.01.31"]
[Round "3"]
[White "Kremenietsky, Anatoly M"]
[Black "Smikovski, Ivan"]
[Result "0-1"]
[WhiteElo "2391"]
[BlackElo "2538"]
[PlyCount "48"]
[EventDate "2006.01.29"]
[EventType "swiss"]
[EventRounds "9"]
[EventCountry "RUS"]
[SourceTitle "CBM 110 Extra"]
[Source "ChessBase"]
[SourceDate "2006.03.10"]
[SourceVersion "2"]
[SourceVersionDate "2006.03.10"]
[SourceQuality "1"]

1. d4 Nf6 2. Nf3 g6 3. g3 Bg7 4. Bg2 d5 5. 0-0 0-0 6. c4 dxc4 7. Na3 c3 8. bxc3 c5 9. Ne5 Nc6 10. Nxc6 bxc6 11. Bxc6 Bh3 12. Bxa8 Qxa8 13. f3 Nd5 14. Rf2 Nxc3 15. Qc2 cxd4 16. Bb2 Rc8 17. Qd2 Qd5 18. Rc1 Qc5 19. Nb1 Rb8 20. Na3 Qb4 21. e4 dxe3 22. Qxe3 Bd4 23. Qxc3 Bxc3 24. Rxc3 Qd4 0-1

[Event "Moscow Aeroflot op-B"]
[Site "Moscow"]
[Date "2005.02.20"]
[Round "6"]
[White "Smikovski, Ivan"]
[Black "Seeman, Tarvo"]
[Result "1-0"]
[WhiteElo "2498"]
[BlackElo "2408"]
[PlyCount "83"]
[EventDate "2005.02.15"]
[EventType "swiss"]
[EventRounds "9"]
[EventCountry "RUS"]
[SourceTitle "EXT 2006"]
[Source "ChessBase"]
[SourceDate "2005.11.24"]
[SourceVersion "1"]
[SourceVersionDate "2005.11.24"]
[SourceQuality "1"]

1. e4 c5 2. Nf3 e6 3. d4 cxd4 4. Nxd4 Nc6 5. Nc3 d6 6. Be3 Nf6 7. f4 e5 8. fxe5 Ng4 9. Bg1 Ngxe5 10. Qd2 Be7 11. 0-0-0 Nxd4 12. Bxd4 0-0 13. Kb1 Be6 14. Be3 Rc8 15. Nd5 Nc4 16. Bxc4 Rxc4 17. Rhe1 Bxd5 18. Qxd5 Qc7 19. c3 b5 20. Bd4 b4 21. b3 Rxc3 22. Bxc3 bxc3 23. Kc2 Qb6 24. Rf1 Qa6 25. a4 Qe2+ 26. Kxc3 a5 27. Qd2 Qxe4 28. Kb2 Rb8 29. Ka2 Bf6 30. Rfe1 Qc6 31. Re2 Qb6 32. Qe3 Qd8 33. Qd3 Qb6 34. Qb5 Qd8 35. Qc6 h6 36. Qxd6 Qc8 37. Rde1 Kh7 38. Qd3+ g6 39. Rf1 Kg7 40. Ref2 Rb6 41. Rxf6 Rxf6 42. Qd4 1-0

[Event "Moscow Aeroflot op-B"]
[Site "Moscow"]
[Date "2005.02.18"]
[Round "4"]
[White "Smikovski, Ivan"]
[Black "Kurenkov, Nikolai"]
[Result "1-0"]
[WhiteElo "2498"]
[BlackElo "2422"]
[PlyCount "71"]
[EventDate "2005.02.15"]
[EventType "swiss"]
[EventRounds "9"]
[EventCountry "RUS"]
[SourceTitle "EXT 2006"]
[Source "ChessBase"]
[SourceDate "2005.11.24"]
[SourceVersion "1"]
[SourceVersionDate "2005.11.24"]
[SourceQuality "1"]

1. e4 c5 2. Nf3 d6 3. d4 cxd4 4. Nxd4 Nf6 5. Nc3 a6 6. Be2 e6 7. 0-0 Qc7 8. a4 Nc6 9. Be3 Be7 10. f4 0-0 11. Kh1 Re8 12. Bg1 Rb8 13. Qd3 Bf8 14. a5 Nxa5 15. e5 dxe5 16. fxe5 Nd5 17. Ne4 Nc6 18. Nxc6 bxc6 19. c4 Qxe5 20. Bd4 Qc7 21. Bh5 Nb4 22. Qc3 Rb7 23. Be5 Qd8 24. Nf6+ gxf6 25. Qg3+ Bg7 26. Bxf6 Qxf6 27. Rxf6 e5 28. Re1 Nd3 29. Rxf7 Rxf7 30. Bxf7+ Kxf7 31. Qxd3 Kg8 32. Qe4 c5 33. Qd5+ Be6 34. Qxc5 Rc8 35. Qb6 Bf5 36. c5 1-0

[Event "Chigorin Memorial 12th"]
[Site "St Petersburg"]
[Date "2004.10.20"]
[Round "5"]
[White "Alekseev, Evgeny V"]
[Black "Smikovski, Ivan"]
[Result "1/2-1/2"]
[WhiteElo "2604"]
[BlackElo "2503"]
[PlyCount "69"]
[EventDate "2004.10.16"]
[EventType "swiss"]
[EventRounds "9"]
[EventCountry "RUS"]
[SourceTitle "EXT 2005"]
[Source "ChessBase"]
[SourceDate "2004.11.15"]
[SourceVersion "1"]
[SourceVersionDate "2004.11.15"]
[SourceQuality "1"]

1. e4 c5 2. Nf3 d6 3. d4 cxd4 4. Nxd4 Nf6 5. Nc3 a6 6. f3 e5 7. Nb3 Be6 8. Be3 Be7 9. Qd2 0-0 10. 0-0-0 Nbd7 11. g4 b5 12. g5 b4 13. Ne2 Ne8 14. Ng3 a5 15. Kb1 Nc7 16. f4 a4 17. Nc1 exf4 18. Bxf4 Nc5 19. Qe3 Re8 20. h4 b3 21. cxb3 axb3 22. a3 Qb8 23. Nd3 Qb7 24. Rd2 Nb5 25. Nxc5 dxc5 26. Bxb5 Qxb5 27. Be5 Rad8 28. Rhd1 Bg4 29. Rxd8 Bxd8 30. Rd5 Be7 31. Qc3 Bf8 32. Kc1 Qa4 33. Rd2 Qa6 34. Rd5 Qa4 35. Rd2 1/2-1/2

[Event "Chigorin Memorial 12th"]
[Site "St Petersburg"]
[Date "2004.10.17"]
[Round "2"]
[White "Smikovski, Ivan"]
[Black "Shakenov, Erzhan"]
[Result "1-0"]
[WhiteElo "2503"]
[BlackElo "2314"]
[PlyCount "105"]
[EventDate "2004.10.16"]
[EventType "swiss"]
[EventRounds "9"]
[EventCountry "RUS"]
[SourceTitle "EXT 2005"]
[Source "ChessBase"]
[SourceDate "2004.11.15"]
[SourceVersion "1"]
[SourceVersionDate "2004.11.15"]
[SourceQuality "1"]

1. e4 c5 2. Nf3 Nc6 3. d4 cxd4 4. Nxd4 Nf6 5. Nc3 d6 6. Bg5 e6 7. Qd2 Be7 8. 0-0-0 0-0 9. f4 Nxd4 10. Qxd4 Qa5 11. Bc4 Bd7 12. e5 dxe5 13. fxe5 Bc6 14. Bd2 Nd7 15. Nd5 Qc5 16. Nxe7+ Qxe7 17. Rhe1 Rfd8 18. Qg4 Nf8 19. Bd3 Rd5 20. Bb4 Qd8 21. Qg3 b5 22. Rd2 Ng6 23. Rf2 Rc8 24. Kb1 Be8 25. Bd6 f5 26. Qe3 Qb6 27. Qxb6 axb6 28. Bf1 Rd4 29. c3 Rg4 30. g3 Bc6 31. Bd3 h5 32. Bc2 h4 33. Rxf5 hxg3 34. hxg3 Rxg3 35. Rff1 Nh4 36. Bb3 Re8 37. Kc1 Nf3 38. Re3 g5 39. Bc7 g4 40. Bxb6 Kg7 41. Rd3 Be4 42. Rd6 Bf5 43. Be3 Nh2 44. Rxf5 exf5 45. Rd7+ Kh8 46. Bf2 Rh3 47. e6 Nf3 48. e7 Kg7 49. Bc5 Kf6 50. Bd5 Rh1+ 51. Kc2 Re1 52. Rb7 Re2+ 53. Kb3 1-0

[Event "Chigorin Memorial 12th"]
[Site "St Petersburg"]
[Date "2004.10.16"]
[Round "1"]
[White "Pogosian, Vladimir"]
[Black "Smikovski, Ivan"]
[Result "0-1"]
[WhiteElo "2203"]
[BlackElo "2503"]
[PlyCount "66"]
[EventDate "2004.10.16"]
[EventType "swiss"]
[EventRounds "9"]
[EventCountry "RUS"]
[SourceTitle "EXT 2005"]
[Source "ChessBase"]
[SourceDate "2004.11.15"]
[SourceVersion "1"]
[SourceVersionDate "2004.11.15"]
[SourceQuality "1"]

1. f4 d5 2. Nf3 g6 3. g3 Bg7 4. Bg2 Nf6 5. d3 0-0 6. 0-0 Nc6 7. c3 a5 8. Qc2 Re8 9. Ne5 Nxe5 10. fxe5 Ng4 11. d4 f6 12. h3 Nh6 13. Bxh6 Bxh6 14. e4 fxe5 15. dxe5 d4 16. Na3 Be6 17. Rad1 c5 18. cxd4 cxd4 19. Kh2 Qb6 20. Nc4 Qc5 21. Na3 Qxe5 22. Qa4 Red8 23. Nb5 Bg7 24. Rf3 Qc5 25. Bf1 Rf8 26. Rxf8+ Rxf8 27. Bg2 d3 28. Rxd3 Bc4 29. Rd5 Bxd5 30. exd5 Be5 31. Qe4 Rf5 32. Nc3 Bxg3+ 33. Kh1 Re5 0-1